Národné hospodárstvo národohospodárska teória

Guardado en:
Detalles Bibliográficos
Autor principal: Briška, Rudolf
Formato: Libro
Lenguaje:eslovaco
Publicado: Bratislava Družstevné nakladateľstvo 1941
Colección:Knižnica Lichardovho fondu sv. 3
Materias:
Etiquetas: Agregar Etiqueta
Sin Etiquetas, Sea el primero en etiquetar este registro!

MARC

LEADER 00000nam a2200000 4500
001 c115588
005 20221213124217.1
041 0 |a slo 
044 |a SK 
245 1 0 |a Národné hospodárstvo  |b národohospodárska teória  |c Rudolf Briška 
264 1 |a Bratislava  |b Družstevné nakladateľstvo  |c 1941 
300 |a 315 s. 
490 1 |a Knižnica Lichardovho fondu  |v sv. 3 
830 0 |a Knižnica Lichardovho fondu  |v sv. 3 
610 2 0 |a teórie ekonomické 
610 2 0 |a hospodárstvo národné 
610 2 0 |a politika hospodárska 
100 1 |a Briška, Rudolf